[Event "Cannes op"]
[Site "Cannes"]
[Date "1998.??.??"]
[Round "7"]
[White "Sokolov, Andrei"]
[Black "Wojtkiewicz, Aleksander"]
[Result "1/2-1/2"]
[WhiteElo "2580"]
[BlackElo "2535"]

1.e4 c5 2.Nf3 d6 3.d4 cxd4 4.Nxd4 Nf6 5.Nc3 a6 6.Be3 e5 7.Nb3 Be6 8.Qd2 Nbd7
9.f3 Rc8 10.g4 Nb6 11.O-O-O Be7 12.Kb1 O-O 13.g5 Nh5 14.Rg1 g6 15.Nd5 Nxd5
16.exd5 Bf5 17.Rc1 Qc7 18.Ka1 Bd8 19.c4 b6 20.h4 a5 21.Rc3 f6 22.Nc1 Rb8
23.Ne2 fxg5 24.hxg5 Rf7 25.Rc1 Be7 26.Nc3 Qd8 27.Nb5 Bd7 28.Na7 Rb7 29.Nc6 Qe8
30.Nxe7+ Qxe7 31.Be2 Nf4 32.Bd1 Rf5 33.Bc2 Rxg5 34.Bxf4 exf4 35.Qxf4 Rxg1
36.Rxg1 Qf8  1/2-1/2

[Event "Cannes op"]
[Site "Cannes"]
[Date "1998.??.??"]
[Round "9"]
[White "Kogan, Artur"]
[Black "Wojtkiewicz, Aleksander"]
[Result "0-1"]
[WhiteElo "2505"]
[BlackElo "2535"]

1.Nf3 c5 2.g3 b6 3.e4 Bb7 4.Nc3 Nf6 5.d3 e6 6.Bg2 Be7 7.e5 Ng4 8.Ne4 Bxe4
9.dxe4 Nc6 10.Bd2 Ngxe5 11.Nxe5 Nxe5 12.Bc3 Bf6 13.f4 Nc4 14.e5 Ne3 15.Qe2 Nxg2+
16.Qxg2 Be7 17.O-O-O Qc8 18.Rd3 Qc6 19.Qxc6 dxc6 20.Rhd1 Rd8 21.Rxd8+ Bxd8
22.Kd2 h5 23.h4 Kd7 24.Ke3+ Kc7 25.f5 exf5 26.Kf4 Re8 27.Kxf5 g6+ 28.Kf4 Be7
29.g4 hxg4 30.Kxg4 Rh8 31.Be1 Rd8 32.Rxd8 Bxd8 33.c4 Kd7 34.Kf4 Ke6 35.Ke4 Bc7
36.Bc3 b5 37.a3 b4 38.axb4 cxb4 39.Bd4 b3 40.c5 a5  0-1

[Event "Dos Hermanas op"]
[Site "Dos Hermanas"]
[Date "1998.??.??"]
[Round "3"]
[White "Palacios de la Prida, Ernesto"]
[Black "Wojtkiewicz, Aleksander"]
[Result "0-1"]
[WhiteElo "2220"]
[BlackElo "2535"]

1.d4 g6 2.e4 Bg7 3.Nc3 d6 4.Bc4 Nc6 5.Nge2 e5 6.Be3 exd4 7.Nxd4 Nf6 8.f3 O-O
9.O-O Ne5 10.Be2 Re8 11.Re1 a6 12.Qd2 d5 13.exd5 Nxd5 14.Bg5 Qd6 15.Ne4 Qb6
16.c3 Nc6 17.Rad1 Bf5 18.Bc4 Bxe4 19.fxe4 Nf6 20.Bxf6 Bxf6 21.Kh1 Rad8 22.Qf4 Nxd4
23.cxd4 Rxd4 24.Rxd4 Qxd4 25.Qxc7 Re7 26.Qf4 Qxb2 27.Rf1 Kg7 28.Bd5 h5 29.g3 Qe5
30.Qf3 Rc7 31.Rf2 Qc3 32.Qxc3 Bxc3 33.Rc2 b5 34.Kg2 b4 35.Kf3 Kf6 36.Ke3 Ke5
37.Kd3 a5 38.Re2 a4 39.Kc2 f6 40.Kb1 Kd4  0-1

[Event "Dos Hermanas op"]
[Site "Dos Hermanas"]
[Date "1998.??.??"]
[Round "5"]
[White "Cifuentes Parada, Roberto"]
[Black "Wojtkiewicz, Aleksander"]
[Result "1-0"]
[WhiteElo "2535"]
[BlackElo "2535"]

1.d4 g6 2.e4 Bg7 3.Nc3 d6 4.g3 Nc6 5.Nge2 Bg4 6.Qd3 Qd7 7.a3 f5 8.f3 fxe4
9.Nxe4 Bf5 10.g4 Bxe4 11.Qxe4 Nf6 12.Qd3 e5 13.Bg5 O-O 14.O-O-O Qf7 15.Kb1 Nd7
16.d5 Nc5 17.Qc4 Nd4 18.Nxd4 exd4 19.Bg2 b5 20.Qe2 a5 21.Rhe1 h6 22.Bd2 b4
23.Qc4 bxa3 24.bxa3 d3 25.c3 Rab8+ 26.Ka2 Na4 27.Rb1 Nb6 28.Qxd3 Nxd5 29.Ka1 Nxc3
30.Bxc3 Rb3 31.Rxb3 Qxb3 32.Rc1 Rb8 33.Qc2 Qxa3+ 34.Qa2+ Rb3 35.Qxa3 Rxa3+
36.Kb2 Rxc3 37.Rxc3 d5 38.f4 c6 39.Kb3 Bxc3 40.Kxc3 Kg7 41.g5 hxg5 42.fxg5 Kf7
43.Bf1 c5 44.Bd3 a4 45.Bc2 d4+ 46.Kc4 a3 47.Kb3 c4+ 48.Kxa3 d3 49.Bd1 Ke6
50.Kb4 Kf5 51.h4  1-0

[Event "Dos Hermanas op"]
[Site "Dos Hermanas"]
[Date "1998.??.??"]
[Round "6"]
[White "Wojtkiewicz, Aleksander"]
[Black "Pinheiro, Jose"]
[Result "1-0"]
[WhiteElo "2535"]
[BlackElo "2265"]

1.Nf3 d5 2.d4 e6 3.g3 Nd7 4.Bg2 a6 5.O-O Ngf6 6.c4 dxc4 7.a4 Be7 8.Nbd2 Nb6
9.a5 Nbd5 10.Nxc4 Bd7 11.Nfe5 Bb5 12.e4 Nb4 13.Be3 Nd7 14.Re1 Nxe5 15.Nxe5 O-O
16.Qb3 Re8 17.d5 exd5 18.exd5 Bd6 19.Nc4 Bxc4 20.Qxc4 Qd7 21.Red1 Qf5 22.Bf4 Bxf4
23.gxf4 c5 24.Qxc5 Nd3 25.Qc2 Rac8 26.Qb3 Re2 27.Rxd3 Rcc2 28.Re3 Rxe3 29.fxe3 Rxg2+
30.Kxg2 Qg4+ 31.Kf2 Qh4+ 32.Ke2 Qg4+ 33.Kd3 Qf5+ 34.Kc4 Qc8+ 35.Kb4  1-0

[Event "Dos Hermanas op"]
[Site "Dos Hermanas"]
[Date "1998.??.??"]
[Round "7"]
[White "Dias, Paulo"]
[Black "Wojtkiewicz, Aleksander"]
[Result "0-1"]
[WhiteElo "2295"]
[BlackElo "2535"]

1.Nf3 g6 2.g3 Bg7 3.Bg2 c5 4.O-O Nc6 5.d3 Nf6 6.e4 O-O 7.Nbd2 d5 8.c3 e5
9.a4 h6 10.Qc2 Re8 11.Re1 Be6 12.exd5 Nxd5 13.Nc4 Qc7 14.Nfd2 b6 15.Nf1 Rad8
16.Nfe3 Qd7 17.Rd1 Nde7 18.Qb3 f5 19.Qb5 f4 20.Nc2 a6 21.Qxa6 Nb8 22.Qxb6 Bxc4
23.Bxf4 Bd5 24.Be3 Bxg2 25.Kxg2 Qd5+ 26.Kg1 Nd7 27.Qa6 c4 28.d4 e4 29.Nb4 Qf7
30.d5 Ne5 31.Bf4 Nf3+ 32.Kg2 Nxd5 33.Nxd5 Rxd5 34.Rxd5 Qxd5 35.Qxg6 Re6 36.Rd1 Ne1+
37.Kg1 Nd3 38.Qg4 Kh7 39.Rd2 Ra6 40.Qd1 Qc6 41.Qh5 Rxa4 42.Re2 Ra1+ 43.Kg2 Re1
44.Rxe1 e3+ 45.f3 Nxe1+ 46.Kf1 Qxf3+ 47.Qxf3 Nxf3 48.Ke2 Nxh2 49.Kxe3 Kg6
50.Ke4 h5 51.Bc7 Nf1 52.Kd5 Ne3+ 53.Kc5 Bh6 54.Kd4 Kf5 55.Bb8 Kg4 56.Bc7 Kf3
57.Bb8 Bg7+ 58.Kc5 Ke4 59.Bf4 Bf8+ 60.Kb5 Nd5 61.Bb8 Kd3 62.Be5 Ne3 63.Bf4 Nd1
64.Bc1 Bd6  0-1

[Event "Pula op"]
[Site "Pula"]
[Date "1998.??.??"]
[Round "1"]
[White "Wojtkiewicz, Aleksander"]
[Black "Hecimovic, Ivan"]
[Result "1-0"]
[WhiteElo "2535"]
[BlackElo "2230"]

1.Nf3 b5 2.e4 Bb7 3.Bxb5 Bxe4 4.d4 e6 5.O-O Nf6 6.c4 Be7 7.Nc3 Bb7 8.d5 O-O
9.a3 c6 10.dxc6 Nxc6 11.Bf4 a6 12.Ba4 Qa5 13.b4 Qf5 14.Bg3 Rac8 15.c5 Rfd8
16.Rc1 Bf8 17.Re1 Ne7 18.Ne5 Ned5 19.Nxd5 Bxd5 20.Nc4 Bxc4 21.Rxc4 d5 22.Rd4 a5
23.Re5 Qg6 24.Bc2 Ne4 25.Bxe4  1-0

[Event "Pula op"]
[Site "Pula"]
[Date "1998.??.??"]
[Round "2"]
[White "Novak, Danijel"]
[Black "Wojtkiewicz, Aleksander"]
[Result "0-1"]
[WhiteElo "2340"]
[BlackElo "2535"]

1.e4 c5 2.c3 d5 3.exd5 Qxd5 4.d4 Nf6 5.Be3 cxd4 6.cxd4 g6 7.Nc3 Qa5 8.Nf3 Bg7
9.Be2 O-O 10.O-O Be6 11.Qd2 Nc6 12.a3 Bb3 13.Qd3 Rad8 14.Nb5 Bd5 15.b4 Qb6
16.Nc3 Bxf3 17.Bxf3 Nxd4 18.Bxd4 Rxd4 19.Qe3 e6 20.Na4 Qd6 21.Rad1 Rxd1 22.Rxd1 Qb8
23.Qd3 b6 24.Nc3 Ne8 25.g3 Bxc3 26.Qxc3 Nd6 27.Qc6 Rd8 28.Kg2 h5 29.a4 Ne8
30.Rc1 Nf6 31.a5 bxa5 32.bxa5 Kg7 33.Qc7 Qxc7 34.Rxc7 Rd7 35.Rc8 Nd5 36.Rb8 Kf6
37.a6 Rd6 38.Be2 Nc7 39.Rb7 Nxa6 40.Rxa7 Nb4 41.h4 Rd2 42.Bb5 Nd5 43.Be8 Ne7
44.Kf3 Rd3+ 45.Ke2 Rd8 46.Ba4 Nd5 47.Kf3 Rc8 48.Kg2 Ne7 49.Bd1 Rd8 50.Bf3 Rd2
51.Ra3 Nf5 52.Be4 Nd6 53.Bd3 Ke5 54.Kf3 Kd4 55.Bf1 f5 56.Ra4+ Ke5 57.Ke3 Rb2
58.Bg2 Rc2 59.Ba8 Rc8 60.Ra5+ Kf6 61.Ra6 Rd8 62.Kf3 Nc4 63.Kg2 Rd2 64.Kf1 Ne5
65.Ke1 Rb2 66.f4 Nd3+ 67.Kf1 Nc5 68.Ra5  0-1

[Event "Pula op"]
[Site "Pula"]
[Date "1998.??.??"]
[Round "3"]
[White "Wojtkiewicz, Aleksander"]
[Black "Rukavina, Josip"]
[Result "1/2-1/2"]
[WhiteElo "2535"]
[BlackElo "2420"]

1.Nf3 g6 2.d4 Bg7 3.c4 d6 4.Nc3 Bg4 5.d5 Nf6 6.h3 Bxf3 7.exf3 c6 8.Be2 O-O
9.O-O Nbd7 10.f4 Qa5 11.Bd2 Rfc8 12.Rb1 cxd5 13.Nxd5 Qd8 14.Nc3 Nb6 15.Qb3 d5
16.cxd5 Nfxd5 17.Ne4 Qd7 18.Bb5 Qf5 19.Rfe1 Nc7 20.Bf1 Ne6 21.Ng5 Nxg5 22.fxg5 Bd4
23.Qg3 Nc4 24.Bd3  1/2-1/2

[Event "Bad Zwesten op"]
[Site "Bad Zwesten"]
[Date "1999.01.03"]
[Round "2"]
[White "Wojtkiewicz, Aleksander"]
[Black "Kleinschroth, Roland"]
[Result "1-0"]
[WhiteElo "2570"]
[BlackElo "2180"]

1.Nf3 Nc6 2.d4 d5 3.g3 Bg4 4.Bg2 Nf6 5.Ne5 Bd7 6.O-O e6 7.c4 Ne7 8.Nc3 c6
9.e4 dxe4 10.Bg5 h6 11.Bxf6 gxf6 12.Nxe4 Ng8 13.Nxd7 Qxd7 14.d5 O-O-O 15.dxc6 Qxc6
16.Qb3 f5 17.Nd6+ Rxd6 18.Bxc6 Rxc6 19.Qa4 Bd6 20.Qxa7 Nf6 21.b4 Rg8 22.b5 Rc5
23.Rad1 Be7 24.b6 Nd7 25.Rxd7 Kxd7 26.Qxb7+ Ke8 27.Qb8+ Bd8 28.Rd1 h5 29.Qxd8+  1-0

[Event "Bad Zwesten op"]
[Site "Bad Zwesten"]
[Date "1999.01.03"]
[Round "3"]
[White "Duncker, Joachim"]
[Black "Wojtkiewicz, Aleksander"]
[Result "0-1"]
[WhiteElo "2265"]
[BlackElo "2570"]

1.d4 g6 2.Nf3 Bg7 3.c4 Nf6 4.g3 c5 5.Bg2 cxd4 6.Nxd4 O-O 7.Nc3 Qc7 8.b3 d5
9.Ndb5 Qa5 10.Bd2 dxc4 11.bxc4 Nc6 12.Nd5 Qd8 13.Rc1 Bd7 14.O-O Rc8 15.Bg5 Na5
16.Bxf6 exf6 17.Nd6 Rc5 18.Qd4 b6 19.Ne4 Rc6 20.Rfd1 Bc8 21.Qe3 Qe8 22.Qa3 Kh8
23.Nd6 Qe5 24.Nxc8 Rfxc8 25.c5 Qxe2 26.cxb6 axb6 27.Bf3  0-1

[Event "Bad Zwesten op"]
[Site "Bad Zwesten"]
[Date "1999.01.04"]
[Round "4"]
[White "Wojtkiewicz, Aleksander"]
[Black "Haub, Thorsten Michael"]
[Result "1/2-1/2"]
[WhiteElo "2570"]
[BlackElo "2388"]

1.Nf3 g6 2.d4 Bg7 3.c4 f5 4.g3 Nf6 5.Bg2 O-O 6.O-O d6 7.Nc3 c6 8.d5 e5 9.dxe6 Bxe6
10.Qd3 Na6 11.Bf4 Ne4 12.Nxe4 fxe4 13.Qxe4 Nc5 14.Qc2 Bf5 15.Qd1 Qb6 16.b3 Bxa1
17.Qxa1 Ne4 18.Nd4 d5 19.cxd5 cxd5 20.Be3 Qf6 21.Qb2 Rfe8 22.Bd2 Rac8 23.Rd1 Bd7
24.Be3 b5 25.Qa3 a6 26.h4 Nc3 27.Rd3 Ne4 28.Bf4 h6 29.Be3 Kh7 30.Qb2 b4 31.Bf3 Bb5
32.Rd1 Nxg3 33.fxg3 Rxe3 34.Qd2 Qe5 35.Kf2 Rec3 36.Nxb5 axb5 37.Qxd5 Qxd5
38.Rxd5 R8c5 39.Rd7+ Kg8 40.Rd4 Rc2 41.Be4 Rxa2 42.Bxg6 Rb2 43.Rxb4 Kg7 44.Bd3 Rc3
45.Rg4+ Kf8 46.Bxb5 Rcxb3 47.Bc4 Rc3 48.Bd5 Rb6 49.Rg8+ Ke7 50.Rg7+ Kf6 51.Rh7 Ke5
52.Bf3 Ra3 53.Kg2 Ra4 54.Kh3 Rab4 55.Bg4 Rg6 56.Bh5 Ra6 57.Rc7 Kd6 58.Rg7 Ke5
59.Bg6 Kf6 60.Rg8 Re6 61.Bd3 Kf7 62.Rc8 Ke7 63.Rc7+ Kd6 64.Ra7 Ke5 65.Rh7 Kd6
66.Bf5 Rxe2 67.Rxh6+ Ke7 68.Ra6 Re3 69.Rg6 Rbb3 70.h5 Rxg3+  1/2-1/2

[Event "Bad Zwesten op"]
[Site "Bad Zwesten"]
[Date "1999.01.04"]
[Round "5"]
[White "Schaller, Sven"]
[Black "Wojtkiewicz, Aleksander"]
[Result "0-1"]
[WhiteElo "2355"]
[BlackElo "2570"]

1.c4 g6 2.Nc3 c5 3.g3 Bg7 4.Bg2 Nc6 5.Nf3 e6 6.O-O Nge7 7.e3 O-O 8.d4 d6
9.Qd2 cxd4 10.Nxd4 Nxd4 11.exd4 Nc6 12.Ne2 d5 13.cxd5 exd5 14.Qg5 Bf5 15.Qxd8 Raxd8
16.Bg5 Rd7 17.Nc3 Be6 18.Be3 Nxd4 19.Rad1 Nc6 20.Bxd5 Bxd5 21.Rxd5 Rxd5 22.Nxd5 Rd8
23.Nc3 Bxc3 24.bxc3 f5 25.Rb1 Rd7 26.Kf1 Kf7 27.Ke2 Ke6 28.h4 b6 29.h5 Rd5
30.hxg6 hxg6 31.Rc1 Ra5 32.Rc2 Ra4 33.Kd1 Ne5 34.Bd4 Nf3 35.Bh8 Re4 36.Kc1 Kd5
37.Kb2 Kc4 38.Ka3 Kd3 39.Rb2 Nd2 40.Rb5 Kc2 41.Rb2+ Kd3 42.Rb5 a6 43.Rb4 Nc4+
44.Kb3 b5 45.a4 Re2 46.axb5 Rb2+ 47.Ka4 Ra2+  0-1

[Event "Bad Zwesten op"]
[Site "Bad Zwesten"]
[Date "1999.01.05"]
[Round "7"]
[White "Lautier, Joel"]
[Black "Wojtkiewicz, Aleksander"]
[Result "1/2-1/2"]
[WhiteElo "2613"]
[BlackElo "2570"]

1.d4 d5 2.c4 c6 3.Nf3 Nf6 4.Nc3 dxc4 5.a4 Bf5 6.Ne5 Na6 7.f3 Nd7 8.Nxc4 e5
9.e4 exd4 10.exf5 dxc3 11.bxc3 Qf6 12.Rb1  1/2-1/2

[Event "Bad Zwesten op"]
[Site "Bad Zwesten"]
[Date "1999.01.06"]
[Round "8"]
[White "Wojtkiewicz, Aleksander"]
[Black "Sokolov, Ewgeni"]
[Result "1-0"]
[WhiteElo "2570"]
[BlackElo "2360"]

1.Nf3 Nf6 2.c4 c5 3.Nc3 Nc6 4.d4 cxd4 5.Nxd4 e6 6.Ndb5 Bb4 7.Bf4 O-O 8.Bc7 Qe7
9.Bd6 Bxd6 10.Qxd6 Qd8 11.e3 a6 12.Nd4 Nxd4 13.Qxd4 d6 14.Rd1 Bd7 15.Qxd6 Qc8
16.Bd3 Bc6 17.O-O Rd8 18.Qf4 e5  1-0

[Event "Bad Zwesten op"]
[Site "Bad Zwesten"]
[Date "1999.01.06"]
[Round "9"]
[White "Ftacnik, Lubomir"]
[Black "Wojtkiewicz, Aleksander"]
[Result "1/2-1/2"]
[WhiteElo "2585"]
[BlackElo "2570"]

1.c4 e5 2.Nc3 Nc6 3.Nf3 g6 4.d4 exd4 5.Nxd4 Bg7 6.Nxc6 bxc6 7.g3 Ne7 8.Bg2 O-O
9.O-O Rb8 10.Qd2 Ba6 11.Rd1 Bxc4 12.Qxd7 Qxd7 13.Rxd7 Nd5 14.Nxd5 cxd5 15.Bxd5 Bxd5
16.Rxd5 c6 17.Rd2 Rfd8 18.Rc2 Rd1+ 19.Kg2 Rb6 20.a4 Bxb2 21.Rxb2 Rxc1 22.Rxb6 Rxa1
23.Ra6 h5 24.Rxa7 Ra3 25.f4 c5 26.e4 c4 27.e5 c3 28.Kh3 g5 29.fxg5 Ra1 30.Rc7 Rxa4
31.Rxc3 Kg7 32.Kg2 Ra2+ 33.Kh3 Kg6 34.Rf3 Re2 35.Rf6+ Kxg5 36.Rxf7 Rxe5 37.Rg7+ Kh6
38.Rg8 Re2  1/2-1/2

[Event "Geneve op"]
[Site "Geneve"]
[Date "1999.01.23"]
[Round "1"]
[White "Wojtkiewicz, Aleksander"]
[Black "Vegh, Jean Pierre"]
[Result "1-0"]
[WhiteElo "2570"]
[BlackElo "2235"]

1.Nf3 Nf6 2.c4 g6 3.g3 Bg7 4.Bg2 O-O 5.d4 d5 6.cxd5 Nxd5 7.O-O Nb6 8.Nc3 Nc6
9.d5 Na5 10.e4 c6 11.Bf4 cxd5 12.exd5 Nac4 13.Qe2 Bg4 14.h3 Bxf3 15.Bxf3 Rc8
16.Rac1 Qd7 17.Bg4 f5 18.Bf3 Nxb2 19.Qxb2 Rxc3 20.Rxc3 Na4 21.Rc7  1-0

[Event "Geneve op"]
[Site "Geneve"]
[Date "1999.01.26"]
[Round "4"]
[White "Masserey, Yvan"]
[Black "Wojtkiewicz, Aleksander"]
[Result "0-1"]
[WhiteElo "2345"]
[BlackElo "2570"]

1.e4 c5 2.Nf3 d6 3.d4 cxd4 4.Nxd4 Nf6 5.Nc3 a6 6.Be3 e6 7.f4 b5 8.Qf3 Bb7
9.Bd3 Nbd7 10.g4 b4 11.Nce2 e5 12.Nb3 exf4 13.Qxf4 Ne5 14.h3 Ng6 15.Qf2 Nxe4
16.Bxe4 Bxe4 17.O-O Ne5 18.Qf4 Bxc2 19.Qxb4 Bd3 20.Nbd4 Be7 21.Qa4+ Qd7 22.Qxd7+ Kxd7
23.Rfd1 Rhc8 24.Nc3 Rab8 25.Nb3 Bc2 26.Rd5 Bxb3 27.axb3 Rxb3 28.Rxa6 Rxb2
29.Ne4 Ke6 30.Rd1 Rc6 31.Rxc6 Nxc6  0-1

[Event "Geneve op"]
[Site "Geneve"]
[Date "1999.01.27"]
[Round "5"]
[White "Wojtkiewicz, Aleksander"]
[Black "Gerber, Richard"]
[Result "1-0"]
[WhiteElo "2570"]
[BlackElo "2353"]

1.Nf3 e6 2.c4 f5 3.g3 Nf6 4.Bg2 Be7 5.O-O O-O 6.d4 d6 7.Nc3 Qe8 8.Re1 Qg6
9.b3 a5 10.Ba3 Na6 11.Ne5 Qe8 12.Nd3 e5 13.dxe5 dxe5 14.Bxe7 Qxe7 15.e4 f4
16.Nd5 Nxd5 17.exd5 fxg3 18.fxg3 Bf5 19.Nxe5 Qc5+ 20.Kh1 Rae8 21.Qd2 Nb4
22.g4 Nc2 23.gxf5 Nxa1 24.Nd7 Qd4 25.Rxe8  1-0

[Event "Geneve op"]
[Site "Geneve"]
[Date "1999.01.28"]
[Round "6"]
[White "Ibragimov, Ildar"]
[Black "Wojtkiewicz, Aleksander"]
[Result "1-0"]
[WhiteElo "2602"]
[BlackElo "2570"]

1.d4 d5 2.c4 c6 3.Nc3 Nf6 4.Nf3 dxc4 5.a4 Bf5 6.Nh4 Bg6 7.Nxg6 hxg6 8.e4 e5
9.Be3 Nbd7 10.Bxc4 exd4 11.Bxd4 Bc5 12.e5 Bxd4 13.Qxd4 Nb6 14.O-O-O Qxd4
15.Rxd4 Nfd5 16.Bxd5 Nxd5 17.Nxd5 cxd5 18.Rxd5 Rh4 19.b3 Rc8+ 20.Kd2 Ke7
21.g3 Ke6 22.Rd3 Rh3 23.f4 g5 24.fxg5 Rc7 25.Ke3 Rc2 26.Kf4 Rf2+ 27.Kg4 Rhxh2
28.Rhd1 Rh8 29.Rd6+ Kxe5 30.Rd7 Ke6 31.R7d6+ Ke7 32.Rd7+ Ke6 33.R1d6+ Ke5
34.Rd3 Ke6 35.Rxb7 f5+ 36.gxf6 gxf6 37.Re3+ Kd5 38.Rf3 Rg8+ 39.Kf4 Rxf3+
40.Kxf3 Rc8 41.Rxa7 Rc3+ 42.Kf4 Rxb3 43.Ra5+ Ke6 44.Rb5 Ra3 45.Rb6+ Kf7 46.Rb7+ Kg6
47.Rb4 Ra1 48.g4 Rd1 49.Ke4 Kg5 50.Rd4 Ra1 51.Kd5 f5 52.gxf5 Kxf5 53.Kd6 Kf6
54.Rf4+ Kg5 55.Ke5 Ra2 56.Re4 Ra1 57.Ke6 Kg6 58.Rg4+ Kh5 59.Kf5 Rf1+ 60.Rf4 Ra1
61.Kf6 Rg1 62.Rf5+ Kh6 63.a5 Rg6+ 64.Ke7 Rg1 65.a6 Ra1 66.Rf6+ Kg7 67.Rb6 Rf1
68.Rb7  1-0

[Event "Geneve op"]
[Site "Geneve"]
[Date "1999.01.31"]
[Round "9"]
[White "Wojtkiewicz, Aleksander"]
[Black "Nenashev, Alexander"]
[Result "1/2-1/2"]
[WhiteElo "2570"]
[BlackElo "2616"]

1.Nf3 Nf6 2.c4 c6 3.d4 d5 4.cxd5 cxd5 5.Nc3 Nc6 6.Bf4 Bf5 7.e3 e6 8.Bd3 Bxd3
9.Qxd3 Be7 10.O-O O-O  1/2-1/2

[Event "Goodricke 10th op"]
[Site "Calcutta"]
[Date "1999.02.07"]
[Round "2"]
[White "Gleizerov, Evgeny"]
[Black "Wojtkiewicz, Aleksander"]
[Result "1/2-1/2"]
[WhiteElo "2515"]
[BlackElo "2570"]

1.d4 g6 2.e4 Bg7 3.Nf3 d6 4.c4 e5 5.Nc3 exd4 6.Nxd4 Ne7 7.Be3 O-O 8.Be2 Nbc6
9.O-O f5 10.Nxc6 bxc6 11.Bd4  1/2-1/2

[Event "Goodricke 10th op"]
[Site "Calcutta"]
[Date "1999.02.08"]
[Round "3"]
[White "Wojtkiewicz, Aleksander"]
[Black "Konguveel, Ponnuswamy"]
[Result "1-0"]
[WhiteElo "2570"]
[BlackElo "2435"]

1.Nf3 Nf6 2.c4 c5 3.Nc3 g6 4.e4 d6 5.d4 cxd4 6.Nxd4 Nc6 7.Nc2 Bg7 8.Be2 O-O
9.O-O Nd7 10.Bd2 Nc5 11.f3 f5 12.b4 Ne6 13.exf5 gxf5 14.Rb1 Ned4 15.Ne3 f4
16.Ned5 Bf5 17.Rc1 e5 18.Be1 Qg5 19.Bd3 Kh8 20.b5 Nd8 21.Bxf5 Rxf5 22.Bf2 Qh6
23.Bxd4 exd4 24.Ne4 d3 25.Qxd3 Ne6 26.h3 Bd4+ 27.Kh2 Qg7 28.Rc2 Rg8 29.Rd1 Rh5
30.Nxd6 Be5 31.Nf5 Qf6 32.Nxf6  1-0

[Event "Goodricke 10th op"]
[Site "Calcutta"]
[Date "1999.02.15"]
[Round "10"]
[White "Bologan, Viktor"]
[Black "Wojtkiewicz, Aleksander"]
[Result "1-0"]
[WhiteElo "2605"]
[BlackElo "2570"]

1.e4 c5 2.Nf3 d6 3.d4 cxd4 4.Nxd4 Nf6 5.Nc3 a6 6.Be3 e6 7.Be2 Qc7 8.Qd2 b5
9.f3 Nbd7 10.a3 Ne5 11.Rd1 Bd7 12.O-O Be7 13.Kh1 O-O 14.g4 Nc4 15.Bxc4 Qxc4
16.Nde2 a5 17.Ng3 b4 18.Nb1 Rfc8 19.c3 Qb3 20.Bg5 Bb5 21.Rg1 Bc6 22.Qe2 bxa3
23.Nxa3 Rab8 24.Bc1 d5 25.g5 Nd7 26.Nc2 dxe4 27.Nxe4 Qb7 28.Nd4 Bd5 29.Rg3 g6
30.h4 e5 31.Nc2 Rd8 32.Re1 Qc6 33.h5 Nc5 34.Nf6+ Bxf6 35.gxf6 e4 36.c4 Qd6
37.Qh2 Bc6 38.Bf4 exf3 39.Bxd6 f2+ 40.Rg2 fxe1=Q+ 41.Nxe1 Rxb2 42.Bxc5 Re8
43.Bf2  1-0

[Event "Goodricke 10th op"]
[Site "Calcutta"]
[Date "1999.02.16"]
[Round "11"]
[White "Wojtkiewicz, Aleksander"]
[Black "Reefat bin Satter"]
[Result "1-0"]
[WhiteElo "2570"]
[BlackElo "2350"]

1.Nf3 d5 2.d4 c6 3.c4 e6 4.Qc2 dxc4 5.Qxc4 Nf6 6.g3 b5 7.Qd3 Bb7 8.Bg2 Nbd7
9.Bg5 Be7 10.O-O a6 11.Bxf6 Bxf6 12.Nc3 c5 13.Ne4 O-O 14.Nxf6+ Qxf6 15.Ne5 Nxe5
16.dxe5 Qe7 17.Qd6 Rfe8 18.Bxb7 Qxb7 19.Qxc5 Qe4 20.e3 Red8 21.Rfd1 h5 22.Rac1 Qb7
23.h4 Rxd1+ 24.Rxd1  1-0

[Event "United Insurance 4th"]
[Site "Dhaka"]
[Date "1999.02.19"]
[Round "1"]
[White "Reefat bin Satter"]
[Black "Wojtkiewicz, Aleksander"]
[Result "0-1"]
[WhiteElo "2354"]
[BlackElo "2570"]

1.e4 c5 2.Nf3 d6 3.d4 cxd4 4.Nxd4 Nf6 5.Nc3 a6 6.Bc4 e6 7.Bb3 Nbd7 8.f4 Nc5
9.e5 dxe5 10.fxe5 Nfd7 11.Bf4 b5 12.Qe2 Bb7 13.O-O-O Qa5 14.a3 Nxb3+ 15.Nxb3 Qc7
16.Rhf1 Be7 17.Nd4 Nf8 18.Ne4 Ng6 19.Nd6+ Bxd6 20.exd6 Nxf4 21.Qg4 Qd7 22.Qxf4 O-O
23.Nb3 Rac8 24.Qe3 Bd5 25.Rxd5 exd5 26.Nd4 Qxd6 27.Nf5 Qc5 28.Qd2 Rfe8 29.c3 f6
30.Qf4 Rc7 31.Qg3 Kh8 32.Kb1 a5  0-1

[Event "United Insurance 4th"]
[Site "Dhaka"]
[Date "1999.02.21"]
[Round "3"]
[White "Abdulla, Al Rakib"]
[Black "Wojtkiewicz, Aleksander"]
[Result "1-0"]
[WhiteElo "2406"]
[BlackElo "2570"]

1.d4 g6 2.e4 Bg7 3.Nc3 d6 4.Nf3 a6 5.a4 Nf6 6.Be2 O-O 7.O-O Nc6 8.d5 Nb4
9.a5 e6 10.Ra4 c5 11.dxc6 Nxc6 12.Be3 Nxa5 13.e5 Ne8 14.exd6 Nc6 15.Bc5 Bd7
16.Ra1 Rc8 17.Na4 Nb8 18.Bb6 Qf6 19.Bd4 Qf4 20.g3 Qxd6 21.Bc5 Qxd1 22.Rfxd1 Bxa4
23.Bxf8 Bxc2 24.Rd2 Bxb2 25.Ra2 Kxf8 26.Rxb2 Be4 27.Ng5 Nf6 28.Nxe4 Nxe4
29.Rdc2 Rxc2 30.Rxc2 Nd6 31.Bf3 Nd7 32.Kf1 Ne5 33.Be2 Ke7 34.Ke1 Kd7 35.Kd2 b5
36.Ra2 a5 37.Kc3 Nec4 38.Ra1 Kc6 39.Rd1 Ne4+ 40.Kd4 Nxf2 41.Bf3+ Kd6 42.Rf1 e5+
43.Kc3 e4 44.Be2 Nd3 45.Rxf7 b4+ 46.Kd4 b3 47.Bxd3 Ne5 48.Rf6+ Ke7 49.Kxe5 exd3
50.Rf2 a4 51.Kd4 a3 52.Kc3 b2 53.Rf1 Ke6 54.Kb3  1-0

[Event "United Insurance 4th"]
[Site "Dhaka"]
[Date "1999.02.22"]
[Round "4"]
[White "Wojtkiewicz, Aleksander"]
[Black "Hossain, Enamul"]
[Result "1-0"]
[WhiteElo "2570"]
[BlackElo "2310"]

1.Nf3 Nf6 2.c4 g6 3.g3 Bg7 4.d4 O-O 5.Bg2 d6 6.O-O Nc6 7.Nc3 a6 8.b3 Rb8
9.Nd5 Ne4 10.Bb2 f5 11.e3 e6 12.Nf4 Qe7 13.Qc1 Bd7 14.d5 Nd8 15.dxe6 Nxe6
16.Nd5 Qf7 17.Nd2 Bxb2 18.Qxb2 Nxd2 19.Qxd2 Rbe8 20.b4 Bc8 21.f4 Ng7 22.Rfe1 Nh5
23.e4 fxe4 24.Bxe4 Nf6 25.Bg2 Be6 26.Nxf6+ Qxf6 27.Bxb7 Bxc4 28.a4 Kh8 29.Rxe8 Rxe8
30.Rc1 Re2 31.Qd1 d5 32.Rxc4 dxc4 33.Qxe2 Qb6+ 34.Qf2 Qxb7 35.Qd4+ Kg8 36.Qxc4+ Kg7
37.Kf2 a5 38.Qc3+ Kh6 39.g4 Qb6+ 40.Kg2 Qb7+ 41.Kg3  1-0

[Event "United Insurance 4th"]
[Site "Dhaka"]
[Date "1999.02.23"]
[Round "5"]
[White "Kunte, Abhijit"]
[Black "Wojtkiewicz, Aleksander"]
[Result "0-1"]
[WhiteElo "2455"]
[BlackElo "2570"]

1.d4 g6 2.e4 Bg7 3.Nc3 d6 4.f4 Nf6 5.Nf3 c5 6.d5 O-O 7.Be2 e6 8.O-O exd5
9.exd5 Na6 10.h3 Nc7 11.a4 Re8 12.Bc4 a6 13.Ra3 Bd7 14.Rb3 Rb8 15.a5 Nb5
16.Bd2 Nd4 17.Rb6 Bf5 18.Nxd4 cxd4 19.Ne2 Qc7 20.b3 Nxd5 21.Bxd5 Bxc2 22.Qc1 d3
23.Kh1 dxe2 24.Re1 Qc5 25.Bc4 Bd1 26.Bb4 Qe3 27.Qxe3 Rxe3 28.Bxd6 Rd8 29.Be5 Rd7
30.Bxg7 Kxg7 31.Kg1 Ree7 32.Kf2 Rd2 33.Kf3 Ra2 34.h4 Rxa5 35.Bxe2 Rxe2 36.Rxd1 Re7
37.Rd2 h5 38.g3 Ra1 39.Kg2 Rc1 40.Rf2 Rc5 41.Kh2 Rd5 42.b4 Rdd7 43.f5 gxf5
44.Kh3 Re5 45.Kg2 Re6  0-1

[Event "United Insurance 4th"]
[Site "Dhaka"]
[Date "1999.02.28"]
[Round "10"]
[White "Short, Nigel D"]
[Black "Wojtkiewicz, Aleksander"]
[Result "1-0"]
[WhiteElo "2697"]
[BlackElo "2570"]

1.e4 c5 2.Nc3 Nc6 3.Nge2 g6 4.d4 cxd4 5.Nxd4 Bg7 6.Be3 Nf6 7.Bc4 O-O 8.Bb3 d6
9.f3 Nxd4 10.Bxd4 Bh6 11.O-O Be6 12.f4 Bg7 13.f5 Bxb3 14.axb3 a6 15.Kh1 Rc8
16.Qe2 e6 17.Rad1 Qe8 18.fxg6 fxg6 19.e5 dxe5 20.Bxe5 Rf7 21.Rf3 Nd5 22.Bxg7 Rxf3
23.Qxf3 Kxg7 24.Nxd5 exd5 25.Qxd5 Rxc2 26.Qxb7+ Qf7 27.Qxa6 Qxb3 28.Qa7+ Kh6
29.Qe7 Qb5 30.Qf8+ Kh5 31.Qf3+ Kh6 32.b3 Qf5 33.Qxf5 gxf5 34.Rb1 Rc5 35.b4 Rb5
36.Kg1 Kg5 37.Kf2 Kf4 38.Ke2 Ke4 39.g3 Kd4 40.Kf3 Kc3 41.Kf4 Kc2 42.Re1 h5
43.Re5 Rxb4+ 44.Kxf5 Kd3 45.Kg5 h4 46.g4 h3 47.Kh4 Rb3 48.Re8  1-0

[Event "United Insurance 4th"]
[Site "Dhaka"]
[Date "1999.03.01"]
[Round "11"]
[White "Wojtkiewicz, Aleksander"]
[Black "Szekely, Peter"]
[Result "1-0"]
[WhiteElo "2570"]
[BlackElo "2444"]

1.Nf3 Nf6 2.c4 g6 3.g3 c5 4.Bg2 Bg7 5.d4 cxd4 6.Nxd4 O-O 7.Nc3 Nc6 8.O-O Qa5
9.Nc2 d6 10.Ne3 Ng4 11.Nxg4 Bxg4 12.Bd2 Qb4 13.Bd5 Qb6 14.b3 Bh3 15.Re1 Rad8
16.Rc1 Rfe8 17.Be3 Qa5 18.Na4 Bd7 19.Bd2 Qa6 20.Bg2 Be6 21.Bc3 Bxc3 22.Nxc3 Qa5
23.Qd2 Rc8 24.Red1 f6 25.Qb2 Qe5 26.Rd3 Bf7 27.a3 f5 28.e3 Qf6 29.Rdd1 Kg7
30.Qd2 Red8 31.Nb5 a6 32.Nc3 e6 33.Na4 Rc7 34.Nb6 Kg8 35.b4 Qe7 36.Rc3 g5
37.Rd3 Bh5 38.f3 Ne5 39.Rxd6 Nxf3+ 40.Bxf3 Rxd6 41.Qxd6 Bxf3 42.Qxe7 Rxe7
43.Rd8+ Kg7 44.Kf2 g4 45.a4 Rc7 46.b5 axb5 47.axb5 Kf6 48.Ke1 Ke7 49.Rd3 e5
50.Kd2 Be4 51.Rd5 Ke6 52.Rd8 Ke7 53.Rh8 Kd6 54.Kc3 Rf7 55.Re8 Rc7 56.Kb4 h5
57.c5+ Rxc5 58.Rd8+  1-0

[Event "United Insurance 4th"]
[Site "Dhaka"]
[Date "1999.03.02"]
[Round "12"]
[White "Rahman, Ziaur"]
[Black "Wojtkiewicz, Aleksander"]
[Result "1-0"]
[WhiteElo "2498"]
[BlackElo "2570"]

1.c4 c5 2.Nf3 g6 3.d4 Bg7 4.d5 b5 5.e4 Nf6 6.a4 Nxe4 7.axb5 O-O 8.Bd3 Nf6
9.Nc3 d6 10.O-O a6 11.Re1 Bb7 12.Bg5 Re8 13.Qd2 axb5 14.Rxa8 Bxa8 15.Nxb5 Na6
16.Bf1 Bb7 17.Qf4 Nb4 18.Bxf6 Bxf6 19.Nxd6 Qc7 20.Qg3 exd6 21.Rxe8+ Kg7 22.Qg4 Bxb2
23.Nh4 Bc1 24.Nf5+ Kf6 25.f4  1-0